The Rise of Silas Lapham
Na minha lista:
| Autor principal: | |
|---|---|
| Formato: | Livro |
| Idioma: | Undetermined |
| Publicado em: |
Toronto, Canadá
A Signet Classics
1963
|
| Assuntos: | |
| Tags: |
Adicionar Tag
Sem tags, seja o primeiro a adicionar uma tag!
|
MARC
| LEADER | 00000nam a2200000Ia 4500 | ||
|---|---|---|---|
| 008 | 170316s9999 xx 000 0 und d | ||
| 040 | |a cru BVZT | ||
| 090 | |a 810 H-35r | ||
| 100 | |a Howells, William Dean | ||
| 245 | 4 | |a The Rise of Silas Lapham | |
| 260 | |a Toronto, Canadá | ||
| 260 | |b A Signet Classics | ||
| 260 | |c 1963 | ||
| 300 | |a 351 páginas | ||
| 650 | |a LITERATURA ESTADOUNIDENSE | ||
| 999 | |c 5752 |d 5752 | ||
| 942 | |c 15 D |h 810 H-35r |2 z | ||
